URBAN STRUCTURE AND SUSTAINABLE URBAN TRANSPORT

Bibliographic Details
Main Authors: Mehdi Moeinaddini (Author), Amran Hamzah (Author), Muhammad Zaly Shah (Author), Zahid Sultan (Author), Zohreh Asadi-Shekari (Author)
Format: Book
Language:English
Published: Skudai, Johor : Penerbit UTM Press, UNIVERSITI TEKNOLOGI MALAYSIA 2017
Subjects:

MARC

LEADER 00000cam a2200000 7i4500
001 0000029107
005 20210428.0
008 210330 my d eng
020 |a 9789835214370 
040 |a INS   |b eng   |e rda 
090 0 0 |a HE305   |b M44 2917 
100 0 |a Mehdi Moeinaddini ,   |e author 
245 1 0 |a URBAN STRUCTURE AND SUSTAINABLE URBAN TRANSPORT   |c MEHDI MOEINADDINI, ZOHREH ASADI-SHEKARI, ZAHID SULTAN, MUHAMMAD ZALY SHAH, AMRAN HAMZAH 
264 1 |a Skudai, Johor :   |b Penerbit UTM Press, UNIVERSITI TEKNOLOGI MALAYSIA   |c 2017 
264 4 |c ©2017 
300 |a xiv, 122 pages :   |b charts, illustrations ;   |c 25 cm. 
336 |a text  |2 rdacontent 
337 |a unmediated  |2 rdamedia 
338 |a volume  |2 rdacarrier 
500 |a Includes index 
504 |a Includes bibliographical references : pages [115]-119 
650 0 |a City planning 
650 0 |a Sociology, Urban. 
650 0 |a Sustainable urban development. 
650 0 |a Urban transportation   |x Environmental aspects. 
700 0 |a Amran Hamzah ,   |e author 
700 0 |a Muhammad Zaly Shah ,   |e author 
700 0 |a Zahid Sultan ,   |e author 
700 0 |a Zohreh Asadi-Shekari ,   |e author 
999 |a 1000004049   |b BOOK   |c Open Shelf   |e Default branch